00373 a2200169 450000100060000002000140000604000370002010000260005724000200008324500150010330000080011836200060012644000230013265000240015594200070017999900170018673170 a857666335 cAnchieta - Colégio São Paulo aMarino, Denise Mattos10aHistórialpor10aHistória a1360 a0 1aEscala Educacional 4aHistória do mundo cBK c73170d73170